Loading...
| Current Events | 5 | 16.00 | 100% | 40% | 20% |
| Fine Arts - Classical Music | 7 | 18.57 | 100% | 71% | 14% |
| Fine Arts - Other Fine Arts | 5 | 16.00 | 100% | 60% | 0% |
| Geography | 2 | 25.00 | 100% | 100% | 50% |
| History - American History | 6 | 18.33 | 100% | 83% | 0% |
| History - European History | 2 | 15.00 | 100% | 50% | 0% |
| History - Other History | 6 | 16.67 | 100% | 50% | 17% |
| History - World History | 4 | 12.50 | 100% | 25% | 0% |
| Literature - American Literature | 3 | 23.33 | 100% | 100% | 33% |
| Literature - British Literature | 3 | 16.67 | 100% | 67% | 0% |
| Literature - European Literature | 7 | 17.14 | 100% | 71% | 0% |
| Literature - World Literature | 6 | 16.67 | 100% | 50% | 17% |
| Mythology | 4 | 27.50 | 100% | 100% | 75% |
| Painting/Sculpture | 6 | 26.67 | 100% | 100% | 67% |
| Philosophy | 6 | 18.33 | 100% | 83% | 0% |
| Pop Culture | 5 | 18.00 | 100% | 40% | 40% |
| Religion | 5 | 22.00 | 100% | 100% | 20% |
| Science - Biology | 4 | 15.00 | 100% | 50% | 0% |
| Science - Chemistry | 6 | 23.33 | 100% | 83% | 50% |
| Science - Other Science | 7 | 18.57 | 86% | 71% | 29% |
| Science - Physics | 8 | 15.00 | 100% | 50% | 0% |
| Social Science | 4 | 22.50 | 100% | 75% | 50% |